00525nam a2200181Ia 4500003000900000008004100009020001800050040001600068080001500084100001800099245008000117260003900197300001600236650004100252650002200293650001200315700001600327IN-BaIIA211028s9999 xx 000 0 eng d a0-7167-1467-1 cIIA Library a523.4bTHE aMurray, Bruce 4aThe planetsbreadings from Scientific AmericancBruce Murray and Carl Sagan aSan FranciscobW. H. Freemanc1983 aviii, 132p. aAstronomy and Astrophysics Thesaurus aPlanetary Systems aPlanets aSagan, Carl